|
|
|
|
| LEADER |
00000nab a2200000 a 4500 |
| 001 |
vtls000412053 |
| 003 |
SK-MaSNL |
| 005 |
20260319075304.0 |
| 008 |
120925c1988 xo 0 rus |
| 015 |
|
|
|a SNBRA19rr/mm-uuuuu
|
| 035 |
|
|
|a CL0412178
|
| 040 |
|
|
|a SNKBUCL
|b slo
|c SNKBUCL
|e AACR2
|
| 041 |
0 |
|
|a slo
|
| 044 |
|
|
|a xo
|c SK
|
| 080 |
|
|
|a 511.147:512
|2 1981
|
| 080 |
|
|
|a 512
|2 1981
|
| 100 |
1 |
|
|a Močuľskij, E. N.
|4 aut
|9 969329
|
| 245 |
1 |
0 |
|a Osnovnaja teorema algebry
|c E. N. Močuľskij
|
| 650 |
0 |
7 |
|a komplexné čísla
|2 snkbucl
|9 90360
|
| 655 |
|
7 |
|a články zo zborníkov
|2 snkbucl
|9 166140
|
| 773 |
0 |
|
|t Zborník Pedagogickej fakulty v Nitre. 4. Matematika
|d Nitra : Pedagog. fakulta, 1988
|
| 850 |
|
|
|a Slovenská národná knižnica v Martine
|a MTA001
|
| 852 |
|
|
|a SNK
|b KIS3GCP
|
| 958 |
|
|
|a RK
|
| 992 |
|
|
|a RZB
|
| 999 |
|
|
|c 1550064
|d 1551994
|